000 00493nam a2200157Ia 4500
003 GCL
008 140319s9999 xx 000 0 ara d
040 _aGCL /
_cGCL
082 0 4 _a811.92
_bس ز
100 1 _aسعد اسماعيل شلبى
245 1 0 _aزهير بن ابى سلمى: شاعر الحق والخير والجمال /
_cسعد اسماعيل شلبى
490 _aكتاب
_v0
650 0 4 _aالشعر العربى
650 0 4 _aالشعراء - تراجم
942 _2ddc
_cBK
999 _c42113
_d42113